000 00482nam a2200169Ia 4500
003 GCL
008 140319s9999 xx 000 0 ara d
040 _aGCL /
_cGCL
082 0 4 _a615.9
_bم د
100 1 _aمحمد احمد جمعة
245 1 0 _aدليل الرقابة الاشعاعية /
_cمحمد احمد جمعة
260 _a[S.N] :
_bدار الراتب الجامعية ،
_c1990
300 _a191 ص
490 _a
650 0 4 _aالاشعاع
942 _2ddc
_cBK
999 _c52923
_d52923